Applied thermodynamics: for engineering technologists. -- 5th ed. (Record no. 84306)
[ view plain ]
| 000 -LEADER | |
|---|---|
| fixed length control field | 01045nam a2200217 a 4500 |
| 008 - FIXED-LENGTH DATA ELEMENTS--GENERAL INFORMATION | |
| fixed length control field | 120416s1993 ||||||||||||||||| || u |
| 020 ## - INTERNATIONAL STANDARD BOOK NUMBER | |
| International Standard Book Number | 0582091934 |
| 050 ## - LIBRARY OF CONGRESS CALL NUMBER | |
| Classification number | TJ 265 Eas |
| 100 ## - MAIN ENTRY--PERSONAL NAME | |
| Personal name | McConkey, A. (Allan), 1927- |
| 245 10 - TITLE STATEMENT | |
| Title | Applied thermodynamics: for engineering technologists. -- 5th ed. |
| Statement of responsibility, etc. | T. D. eastop, A. McConkey |
| 250 ## - EDITION STATEMENT | |
| Edition statement | 5th ed |
| 260 ## - PUBLICATION, DISTRIBUTION, ETC. | |
| Place of publication, distribution, etc. | Harlow, essex |
| Name of publisher, distributor, etc. | Longman |
| Date of publication, distribution, etc. | 1993 |
| 300 ## - PHYSICAL DESCRIPTION | |
| Extent | xix, 715p. : ill |
| 350 ## - | |
| -- | 0.00 |
| 650 ## - SUBJECT ADDED ENTRY--TOPICAL TERM | |
| Topical term or geographic name entry element | THERMODYNAMICS |
| 650 ## - SUBJECT ADDED ENTRY--TOPICAL TERM | |
| Topical term or geographic name entry element | ENGINEERING |
| 700 ## - ADDED ENTRY--PERSONAL NAME | |
| Personal name | Eastop, T. D. (Thomas D.) |
| 995 ## - | |
| -- | MAIN LIBRARY OPEN ACCESS |
| -- | 0.00 |
| -- | 025564 |
| -- | CBU-MAIN LIBRARY (Kitwe) |
| -- | 1 |
| -- | 25.00 |
| -- | TJ 265 Eas |
| -- | 1 |
| -- | LOST |
| -- | 025564 |
| -- | Main Library Open Access Collection |
| 995 ## - | |
| -- | MAIN LIBRARY OPEN ACCESS |
| -- | 0.00 |
| -- | 742219 |
| -- | CBU-MAIN LIBRARY (Kitwe) |
| -- | 1 |
| -- | 0.00 |
| -- | TJ 265 Eas |
| -- | 3 |
| -- | AVAILABLE |
| -- | Dec 9, 2010 |
| -- | 742219 |
| -- | Main Library Open Access Collection |
| 995 ## - | |
| -- | MAIN LIBRARY OPEN ACCESS |
| -- | 0.00 |
| -- | 734297 |
| -- | CBU-MAIN LIBRARY (Kitwe) |
| -- | 2 |
| -- | 25.00 |
| -- | TJ 265 Eas |
| -- | 2 |
| -- | AVAILABLE |
| -- | Jun 12, 2006 |
| -- | 46426 |
| -- | Main Library Open Access Collection |
| 999 ## - | |
| -- | 84306 |
| -- | 84306 |
| Withdrawn status | Lost status | Source of classification or shelving scheme | Damaged status | Not for loan | Permanent Location | Current Location | Shelving location | Date acquired | Total Checkouts | Full call number | Barcode | Date last seen | Copy number | Price effective from | Koha item type | Date last checked out | Total Renewals | Checked out |
|---|---|---|---|---|---|---|---|---|---|---|---|---|---|---|---|---|---|---|
| CBU-MAIN LIBRARY, KITWE. | CBU-MAIN LIBRARY, KITWE. | 01/25/2024 | TJ 265 Eas | 025564 | 01/25/2024 | 1 | 01/25/2024 | MONOGRAPH | ||||||||||
| CBU-MAIN LIBRARY, KITWE. | CBU-MAIN LIBRARY, KITWE. | 01/25/2024 | 5 | TJ 265 Eas | 742219 | 09/19/2025 | 2 | 01/25/2024 | MONOGRAPH | 09/12/2025 | ||||||||
| CBU-MAIN LIBRARY, KITWE. | CBU-MAIN LIBRARY, KITWE. | 01/25/2024 | 5 | TJ 265 Eas | 46426 | 05/14/2026 | 3 | 01/25/2024 | MONOGRAPH | 05/14/2026 | 1 | 05/28/2026 |